Básnici bez slov

Bibliographic Details
Main Author: Panovová, Oľga, 1953- (Author)
Format: Article
Language:Slovak
PhysicalDescription:Fotogr. 3
ISSN:0323-2883
Subjects:

MARC

LEADER 00000nab a2200000 a 4500
001 vtls000641336
003 SK-MaSNL
005 20260304085255.0
008 250425c1997 xo 0 slo
015 |a SNBRB19rr/mm-uuuuu 
035 |a CL0641475 
035 |a urn:nbn:sk:snk-abdpqz 
035 |a (urnnbn)urn:nbn:sk:snk:ar-0013u1 
035 |a (uuid)8e023d0b-9139-48c2-ba24-56b3dac13b7b 
040 |a SNKBUCL  |b slo  |c SNKBUCL  |e AACR2 
041 0 |a slo 
044 |a xo  |c SK 
080 |a 792.091.4:792.7  |2 1981 
080 |a 792.7  |2 1981 
100 1 |a Panovová, Oľga,  |d 1953-  |4 aut  |9 202950 
245 1 0 |a Básnici bez slov  |c Oľga Panovová 
300 |b Fotogr. 3 
650 0 7 |a pantomíma  |2 snkbucl  |9 3336 
650 0 7 |a Kaukliar 1997, Bratislava  |2 snkbucl  |9 1235315 
655 7 |a články z novín a časopisov  |2 snkbucl  |9 267496 
773 0 |t Javisko  |g Roč. 29, č. 11 (1997), s. 21-23  |x 0323-2883 
850 |a Slovenská národná knižnica 
852 |a Slovenská národná knižnica 
954 |a odborná, vedecká literatúra pôvodná (slovenská)  |2 lita 
958 |a article19 
958 |a OND 
958 |a SK 
958 |a RK 
958 |a EUIPO 
992 |a RBX 
999 |c 2807269  |d 2809199